Formovanie makroprudenciálnej politiky v eurozóne bakalárska práca

Enregistré dans:
Détails bibliographiques
Auteur principal: Múčka, Peter
Collectivité auteur: Národohospodárska fakulta EU. Katedra bankovníctva a medzinárodných financií
Autres auteurs: Nemec, Marián
Format: Livre
Langue:slovaque
Publié: Bratislava 2018
Tags: Ajouter un tag
Pas de tags, Soyez le premier à ajouter un tag!

MARC

LEADER 00000nbm a2200000 4500
001 0245872
005 20181214112806.5
041 0 |a slo 
044 |a SK 
245 1 0 |a Formovanie makroprudenciálnej politiky v eurozóne  |b bakalárska práca  |c Peter Múčka ; školiteľ: Marián Nemec 
264 1 |a Bratislava  |c 2018 
300 |a 54 s. 
100 1 |a Múčka, Peter 
700 1 |a Nemec, Marián 
710 2 |a Národohospodárska fakulta EU. Katedra bankovníctva a medzinárodných financií